|
|
แสดงรายละเอียดบรรณานุกรม |
|
|
Brief Record
: Get Marc (ISO 2709)
: E-mail record
: |
|
|
| LEADER 00000nama 2200000uu 4500 | |||
| 001 180339 | |||
| 003 ULIBM | |||
| 008 040531s1996 th m m a000 0 tha d | |||
| 041 tha | |||
| 050 WA100 G27h | |||
| 100 Garrett, Martha J. | |||
| 245 Health - futures handbook : revise draft / prepare by MarthaJ. Garrett 001 | |||
| 260 Geneva WHO 1996 | |||
| 300 281 p. | |||
| 650 Health - Collected work | |||
| 998 1999-04-23 | |||
| คุณยังไม่ได้ล็อกอิน คุณสามารถมีกิจกรรมร่วมกับเว็บไซต์ได้ แต่ต้องล็อกอินก่อน :: |
|
| สถานะ | |||||||||
| 1. | หนังสือทั่วไป | WA100 G27h 1996 | On Shelf ขอยืม | ||||||
| 2. | หนังสือทั่วไป | WA100 G27h 1996 | On Shelf ขอยืม | ||||||
| [แสดง 2/2 รายการ] | |||||||||
BibComment |
| คอมเมนท์ทรัพยากรรายการนี้ |
|
|